Měření tepelných veličin v automatizaci

Uložené v:
Podrobná bibliografia
Hlavný autor: Jenčík, Josef (Autor)
Médium: Kniha
Jazyk:Czech
Vydavateľské údaje: Praha : SNTL, 1967
Vydanie:1. vyd.
Tagy: Pridať tag
Žiadne tagy, Buďte prvý, kto otaguje tento záznam!

MARC

LEADER 00000nam a22000003a 4500
001 stu51604
005 20150617225706.6
008 000111s1967----cs------------------cze-d
040 |a STU  |b slo 
041 0 |a cze 
044 |a cs 
080 |a 536.51 
100 1 |a Jenčík, Josef  |4 aut 
245 1 |a Měření tepelných veličin v automatizaci 
250 |a 1. vyd. 
260 |a Praha :  |b SNTL,  |c 1967 
300 |a 217 s 
996 |b 284EK02168  |c E*15819  |l EE01  |s A  |a 24  |w stu51604_0001